Bienvenido a nuestro catálago, Biblioteca Universidad Monteávila

Vista normal Vista MARC

Entrada Encabezamiento temático

Número de registros utilizados en: 8

001 - NÚMERO DE CONTROL

  • campo de control: 2802

003 - IDENTIFICADOR DEL NÚMERO DE CONTROL

  • campo de control: vecauma

005 - FECHA Y HORA DE LA ÚLTIMA TRANSACCIÓN

  • campo de control: 20250224191917.0

008 - DATOS DE LONGITUD FIJA

  • campo de control de longitud fija: 220930|| aca||aabn | a|a d

040 ## - FUENTE DE LA CATALOGACIÓN

  • Centro catalogador/agencia de origen: vecauma

053 ## - Número de clasificación LC

  • Número de clasificación–único número o número inicial: BL627
  • Categoría temática: Religión comparada

150 ## - Materia

  • Encabezamiento temático: MEDITACION

450 ## - REFERENCIA DE “VEASE” MATERIA

  • Encabezamiento temático: Meditation

450 ## - REFERENCIA DE “VEASE” MATERIA

  • Encabezamiento temático: Oración mental

550 ## - REFERENCIA DE "VEASE ADEMAS" MATERIA

  • Encabezamiento temático: VIDA ESPIRITUAL
  • Subcampo de control : g

550 ## - REFERENCIA DE "VEASE ADEMAS" MATERIA

  • Encabezamiento temático: CONTEMPLACION

550 ## - REFERENCIA DE "VEASE ADEMAS" MATERIA

  • Encabezamiento temático: MEDITACIONES

550 ## - REFERENCIA DE "VEASE ADEMAS" MATERIA

  • Encabezamiento temático: MINDFULNESS

550 ## - REFERENCIA DE "VEASE ADEMAS" MATERIA

  • Encabezamiento temático: ORACION

670 ## - FUENTE EN LA QUE SE LOCALIZARON DATOS

  • Cita de la fuente: Catálogo de Autoridades de la Biblioteca Nacional de España, 2022
  • Información localizada: (Meditación)

670 ## - FUENTE EN LA QUE SE LOCALIZARON DATOS

  • Cita de la fuente: Catálogo de Autoridades de la Biblioteca del Congreso, 2022
  • Información localizada: (Meditation)

680 ## - NOTA GENERAL CON DESPLIEGUE AL PUBLICO

  • Texto explicativo: Bajo este encabezamiento se ingresan las obras sobre la oración mental o la concentración profunda de la atención como métodos de perfeccionamiento espiritual. Para obras que reúnen reflexiones sobre temas espirituales para su uso en la meditación, véase: Meditaciones.

Copyright @ UMA Library
Universidad Monteávila Caracas, Venezuela

Edif. Sede principal Universidad Monteávila. Av. El Buen Pastor. Boleíta Norte. Caracas. 
Customized by Universidad Monteávila

Con tecnología Koha